Alphabetical City-Jumping (starting at NYC, 100k+ cities) - Statistics

General Stats
  • This quiz has been taken 48 times
  • The average score is 4 of 9
Answer Stats
Distance from
Previous City (mi)
Direction Answer % Correct
14 N Yonkers
100%
18 E Stamford
49%
433 W Detroit
41%
46 S Toledo
41%
409 NE Ottawa
38%
289 S Allentown
31%
60 E Newark
31%
233 N/NW Kingston
26%
233 S/SE Newark
23%
No matching quizzes found
Score Distribution
Percent of People with Each Score
Percentile by Number Answered
Your Score History
You have not taken this quiz